LEADER 01086cam0-2200313---450- 001 990005729120403321 005 20151002131911.0 035 $a000572912 035 $aFED01000572912 035 $a(Aleph)000572912FED01 035 $a000572912 100 $a19990604d1964----km-y1itay50------ba 101 0 $aita 102 $aIT 105 $ay-------001yy 200 1 $aOrigine storica delle località e antichi cognomi della Repubblica di Genova$eComuni, Frazioni, Parrocchie e loro eventuali controversie, dal 958 al 1797 (3033 località, 12839 cognomi, 27451 riferimenti)$fFrancesco Grillo 205 $a3. ed. 210 $aCornigliano$eGenova$cCollegio Colasanzio$d1964 215 $a528 p.$d21 cm 610 0 $aCognomi$aLiguria 676 $a945.18$v22$zita 700 1$aGrillo,$bFrancesco$0219411 801 0$aIT$bUNINA$gREICAT$2UNIMARC 901 $aBK 912 $a990005729120403321 952 $a945.18 GRI 1$bIst.Glott. 609$fFLFBC 959 $aFLFBC 996 $aOrigine storica delle località e antichi cognomi della Repubblica di Genova$9299555 997 $aUNINA LEADER 01386nam--2200409---450- 001 990003378130203316 005 20100311100024.0 035 $a000337813 035 $aUSA01000337813 035 $a(ALEPH)000337813USA01 035 $a000337813 100 $a20100310d1981----km-y0itay50------ba 101 $aita 102 $aIT 105 $a||||||||001yy 200 1 $aSannio$ePentri e Frentani dal 6. al 1. sec. a. C.$eNapoli, Museo Archeologico Nazionale, dicembre 1981-gennaio 1982$f[mostra organizzata da] Soprintendenza Archeologica delle Province di Napoli e Caserta$g[ha coordinato l'edizione: Renata Cantilena] 210 $a[Roma]$cMinistero per i Beni Culturali ed Ambientali$d1981 215 $a116 p.$cill.$d25 cm 300 $aGuida alla mostra 410 0$12001 454 1$12001 461 1$1001-------$12001 607 0 $aSannio$zSec. 6.-1. a. C. 676 $a937.7 702 1$aCANTILENA,$bRenata 712 1$aItalia : Soprintendenza Archeologica delle Province di Napoli e Caserta 801 0$aIT$bsalbc$gISBD 912 $a990003378130203316 951 $aAA 9,9$b1924 DSA/ISAA 959 $aBK 969 $aDSA 979 $aDSA$b10$c20100310$lUSA01$h1406 979 $aDSA$b10$c20100311$lUSA01$h0957 979 $aDSA$b10$c20100311$lUSA01$h0958 979 $aDSA$b10$c20100311$lUSA01$h1000 996 $aSannio$9296005 997 $aUNISA LEADER 01327nam a2200349 i 4500 001 991001112119707536 005 20020507183502.0 008 001114s1997 uk ||| | eng 020 $a0521556104 035 $ab10802587-39ule_inst 035 $aLE01307215$9ExL 040 $aDip.to Matematica$beng 082 0 $a515.64 084 $aAMS 14C40 084 $aAMS 32G15 084 $aAMS 58D30 084 $aAMS 58E 084 $aAMS 81T30 100 1 $aAlbeverio, Sergio$044256 245 12$aA mathematical introduction to string theory :$bvariational problems, geometric and probabilistic methods /$cSergio Albeverio ... [et al.] 260 $aCambridge ; New York :$bCambridge University Press,$c1997 300 $aviii, 135 p. ;$c23 cm 490 0 $aLondon Mathematical Society lecture note series,$x0076-0552 ;$v225 500 $aIncludes bibliographical references (p. 126-132) and index 650 0$aMathematical physics 650 0$aString models-Mathematics 907 $a.b10802587$b23-02-17$c28-06-02 912 $a991001112119707536 945 $aLE013 58E ALB11 (1997)$g1$i2013000123998$lle013$o-$pE0.00$q-$rl$s- $t0$u0$v0$w0$x0$y.i1090685x$z28-06-02 996 $aMathematical introduction to string theory$9925333 997 $aUNISALENTO 998 $ale013$b01-01-00$cm$da $e-$feng$guk $h2$i1